00664nam a22002057a 450000500170000001000150001702000230003203500140005503700090006908200080007810000220008624500440010825000100015226000400016227000690020230000200027194200220029199900190031395201260033220241022114157.0 aENG-142243 a8170820855c200.00 aEN-125775 bDBAD a233 aKumar, Raj973125 aCharisma of Trika Houses/cby Raj Kumar aFirst bSagar PublicationsaNew Delhic2008 a72, Janpath, Ved Mansion,bNew Delhie110001k23320648k23328245 a245p.c21cm(pb) 2ddccENh233mRAJ c206554d206554 001040708NFICaBNbBNd2024-10-22eDBADg200.00l0o233 RAJpEN-125775r2024-10-22 00:00:00t1v200.00w2024-10-22yEN